Paroles : Pour que tu m'aimes encore - Céline Dion - Statistiques

Statistiques générales
  • Ce quiz a été pris 12 595 fois
  • Le résultat moyen est 260 sur 307
Statistiques - réponses
Paroles % Correct
tu
99%
le
98%
Que
98%
que
98%
en
97%
encore
97%
encore,
97%
les
97%
Les
97%
m'aimes
97%
m'aimes,
97%
me
97%
pour
97%
Pour
97%
te
96%
Je
95%
je
95%
ton
94%
des
93%
si
93%
dans
92%
chercher
91%
cœur
91%
J'irai
91%
flammes
90%
tes
90%
ailleurs
89%
âme
89%
et
89%
froids,
87%
l'emportes
87%
On
87%
on
87%
ces
86%
changé,
86%
Même
86%
ont
85%
pas
85%
danses
84%
d'autres
84%
heures
84%
J'ai
84%
j'ai
84%
temps
84%
mots,
83%
par
83%
sorts,
83%
sorts
83%
tous
83%
bien
82%
d'avant,
82%
d'avant
82%
fleurs
82%
se
82%
ainsi
81%
autre
81%
c'était
81%
choses
81%
compris
81%
compris,
81%
dansent
81%
fané
81%
jetterai
81%
merci
80%
c'est
79%
ici
79%
autres
78%
autres,
78%
Il
78%
saches
78%
tout
78%
ne
77%
nouveau,
77%
dit
75%
ferai
75%
suis
75%
faut
74%
amours
72%
qui
72%
Raisonnable
72%
feu
71%
aussi
70%
du
70%
d'Afrique
69%
passent
69%
veux
69%
font
68%
plaisir
68%
est
67%
moi,
67%
nouvelle
66%
reprenne
66%
sais
66%
Fallait
65%
jouer
65%
marabouts
65%
changerai
64%
désir
64%
donnent
64%
donner,
64%
qu'aujourd'hui,
64%
lasse,
63%
louanges
63%
tel
63%
toucher
63%
une
63%
chanter
61%
commencer,
61%
deviendrai
61%
magiques
61%
nos
61%
tant
61%
bagages
60%
formules
60%
or
60%
reine
60%
m'attirer,
59%
non,
59%
non
59%
Plus
59%
plus
59%
belle
58%
étincelle
58%
retiennes
58%
l'on
55%
Avant
54%
avant
54%
vendanges
54%
m'inventerai
52%
nôtres
52%
gâche
51%
sans
51%
s'attache,
51%
seront
51%
zappe
50%
brillante,
48%
d'infinies
48%
langages
47%
remords
47%
jeux
45%
Vos
42%
dirai
40%
trouverai
33%
Aucun quiz correspondant
Distribution des résultats
% des personnes avec chaque résultat
Percentile par nombre de réponses
Votre historique - résultats
Vous n’avez pas pris ce quiz